¿Por qué te casas, Perico? (Record no. 125171)

MARC details
000 -LEADER
campo de control de longitud fija 00808nam a2200229 i 4500
001 - NÚMERO DE CONTROL
campo de control 125171
003 - IDENTIFICADOR DE NÚMERO DE CONTROL
campo de control ES-MaACL
005 - FECHA Y HORA DE LA ÚLTIMA TRANSACCIÓN
campo de control 20250809112659.0
007 - CAMPO FIJO DE DESCRIPCIÓN FÍSICA--INFORMACIÓN GENERAL
campo de control de longitud fija t|
008 - DATOS DE LONGITUD FIJA--INFORMACIÓN GENERAL
campo de control de longitud fija 070507s1935 sp ||||1| spa d
100 1# - ENTRADA PRINCIPAL--NOMBRE DE PERSONA
Nombre de persona Ramos de Castro, Francisco.
9 (RLIN) 95304
245 10 - MENCIÓN DEL TÍTULO
Título ¿Por qué te casas, Perico?
Resto del título : comedia cómica en tres actos /
Mención de responsabilidad, etc. F. Ramos de Castro, José L. Mayral ; dibujos de Antonio Merlo.
260 ## - PUBLICACIÓN, DISTRIBUCIÓN, ETC.
Lugar de publicación, distribución, etc. Madrid :
Nombre del editor, distribuidor, etc. Rivadeneyra,
Fecha de publicación, distribución, etc. 1935.
300 ## - DESCRIPCIÓN FÍSICA
Extensión 79 p. :
Otras características físicas il. ;
Dimensiones 17 cm.
490 1# - MENCIÓN DE SERIE
Mención de serie Farsa ;
Designación de volumen o secuencia 419
500 ## - NOTA GENERAL
Nota general Estrenada el día 28 de febrero de 1935 en el Teatro María Isabel de Madrid.
700 1# - ENTRADA AGREGADA--NOMBRE PERSONAL
Nombre de persona Mayral, J. L.,
Fechas asociadas al nombre 1893-1941
9 (RLIN) 79441
700 1# - ENTRADA AGREGADA--NOMBRE PERSONAL
Nombre de persona Merlo, Antonio.
9 (RLIN) 80579
830 0# - PUNTO DE ACCESO ADICIONAL DE SERIE-TÍTULO UNIFORME
Título uniforme Farsa ;
Designación de volumen o secuencia 419
9 (RLIN) 186562
852 ## - LOCALIZACIÓN
Ubicación ES-MaACL
Número de control de estantería 2219-F-5
Sublocalización o colección R.140669
Holdings
Estatus retirado Estado de pérdida Estado de daño No para préstamo Colección Biblioteca de origen Biblioteca actual Ubicación en estantería Fecha de adquisición Fuente de adquisición Total de préstamos Signatura topográfica completa Código de barras Visto por última vez Precio de reemplazo Tipo de ítem Koha
        Colección de folletos Biblioteca del Ateneo de Madrid Biblioteca del Ateneo de Madrid Depósito folletos 17/01/2008     2219-F-5 1130405 23/02/2023 23/02/2023 Folleto